000 00322nam a2200133Ia 4500
008 190216s9999||||xx |||||||||||||| ||und||
100 _aMalhotra.Vp And Gupta.Sn
245 0 _aInorganic Chemistry
250 _a1st Ed.
260 _bRajeeva Prakashan
_c1975
300 _a384
650 _aChemistry-Chemistry
942 _cBK
999 _c2080
_d2080